[Event "49th Capablanca Mem Open I 2014"]
[Site "Havana CUB"]
[Date "2014.05.14"]
[Round "6.47"]
[White "Fernandez De La Vara, Arnaldo"]
[Black "Miranda Rodriguez, Tania"]
[Result "1-0"]
[WhiteTitle "FM"]
[BlackTitle "WFM"]
[WhiteElo "2312"]
[BlackElo "2161"]
[WhiteFideId "3518388"]
[BlackFideId "3510417"]
[EventDate "2014.04.08"]

1. e4 c5 2. Nf3 Nc6 3. d4 cxd4 4. Nxd4 Nf6 5. Nc3 d6 6. Bg5 Bd7 7. Qd2 Rc8 8. f4
Ng4 9. h3 Qb6 10. Nxc6 Rxc6 11. Bb5 Ne3 12. Bxc6 Bxc6 13. Rb1 Nc4 14. Qf2 h6 15.
Bh4 Qe3+ 16. Qxe3 Nxe3 17. Kf2 Nxc2 18. Rhd1 g5 19. fxg5 hxg5 20. Bxg5 Rg8 21.
h4 f6 22. Bf4 e5 23. Rbc1 Nb4 24. Be3 f5 25. a3 Na6 26. Nd5 Bxd5 27. Rxd5 f4 28.
Bxa7 Kd7 29. Rb5 Be7 30. Rxb7+ Kd8 31. Bb6+ 1-0

[Event "49th Capablanca Mem Open I 2014"]
[Site "Havana CUB"]
[Date "2014.05.14"]
[Round "6.48"]
[White "Larduet Despaigne, Carlos"]
[Black "Frometa Castillo, Zirka"]
[Result "1-0"]
[WhiteTitle "FM"]
[BlackTitle "WGM"]
[WhiteElo "2281"]
[BlackElo "2144"]
[WhiteFideId "3500780"]
[BlackFideId "3501434"]
[EventDate "2014.04.08"]

1. e4 g6 2. d4 Bg7 3. Nf3 c6 4. Nc3 d5 5. h3 e6 6. Bg5 Ne7 7. Qd2 h6 8. Bf4 b6
9. O-O-O Ba6 10. Bxa6 Nxa6 11. Nb1 Nc7 12. Rhe1 b5 13. Be5 O-O 14. Qf4 Rc8 15.
Bxg7 Kxg7 16. e5 g5 17. Nbd2 b4 18. Nc4 1-0

[Event "49th Capablanca Mem Open I 2014"]
[Site "Havana CUB"]
[Date "2014.05.14"]
[Round "6.49"]
[White "Vargas Rodriguez, Wilver"]
[Black "Castillo Coca, Mairebys"]
[Result "1-0"]
[BlackTitle "WFM"]
[WhiteElo "2247"]
[BlackElo "2121"]
[WhiteFideId "3509672"]
[BlackFideId "3511910"]
[EventDate "2014.04.08"]

1. e4 c5 2. Nf3 e6 3. d4 cxd4 4. Nxd4 Nc6 5. Nc3 Qc7 6. g3 Nf6 7. Ndb5 Qb8 8.
Bf4 e5 9. Bg5 a6 10. Na3 b5 11. Bxf6 b4 12. Nd5 bxa3 13. Bg5 axb2 14. Rb1 Bc5
15. Bc4 a5 16. Qf3 d6 17. Rxb2 Qa7 18. c3 Be6 19. Bb5 Bd7 20. O-O Rb8 21. Nf6+
gxf6 22. Qxf6 Rg8 23. Bxc6 Rxg5 24. Rxb8+ Qxb8 25. Qh8+ Ke7 26. Qxb8 Bxc6 27.
Qc7+ Bd7 28. Rb1 Rg8 29. Rb7 Rd8 30. Qxa5 Ke8 1-0

[Event "49th Capablanca Mem Open I 2014"]
[Site "Havana CUB"]
[Date "2014.05.14"]
[Round "6.50"]
[White "Alvarez Fernandez, Carlos Rene"]
[Black "Catala Matienzo, Ivette"]
[Result "1-0"]
[BlackTitle "WFM"]
[WhiteElo "2226"]
[BlackElo "2118"]
[WhiteFideId "3501507"]
[BlackFideId "3506819"]
[EventDate "2014.04.08"]

1. d4 e6 2. c4 f5 3. Nc3 Nf6 4. Nf3 Be7 5. Bf4 b6 6. e3 Bb7 7. Be2 O-O 8. h3 d6
9. Qc2 Nbd7 10. Ng5 e5 11. Ne6 Qc8 12. Nxf8 Qxf8 13. Bg5 Ne4 14. Bxe7 Qxe7 15.
d5 Nxc3 16. Qxc3 Nc5 17. O-O-O c6 18. dxc6 Bxc6 19. Bf3 e4 20. Be2 Rc8 21. Kb1
Qe6 22. Ka1 Ba4 23. Rd2 a5 24. g4 Rf8 25. b3 Bc6 26. Rhd1 Nb7 27. Qd4 Qf6 28.
Qxf6 Rxf6 29. gxf5 Bd7 30. f4 Kf8 31. a3 Bxf5 32. Bg4 Bxg4 33. hxg4 Rh6 34. Rd4
Rh3 35. Re1 Nc5 36. Rxd6 Nxb3+ 37. Kb2 Nc5 38. Kc3 Ke7 39. Rd5 Rg3 40. g5 Rh3
41. Kd4 Rh2 42. Rb1 Rd2+ 43. Ke5 Rc2 44. Rxb6 Rxc4 45. Kf5 g6+ 46. Kg4 Rc1 47.
Kg3 Rc3 48. f5 gxf5 49. Kf4 Rc1 50. Kxf5 a4 51. Rc6 Rf1+ 52. Ke5 Nd3+ 53. Kxe4
Ne1 54. Ra5 Kd7 55. Rf6 Rxf6 56. gxf6 Ke6 57. Ra6+ Kf7 58. Kf5 Nf3 59. Ra7+ Kf8
60. Rxh7 Kg8 61. f7+ Kxh7 62. f8=Q Nd4+ 63. Kf6 Nf5 64. e4 1-0

[Event "49th Capablanca Mem Open I 2014"]
[Site "Havana CUB"]
[Date "2014.05.14"]
[Round "6.51"]
[White "Alvarez Ferreiro, Roberto"]
[Black "Romero Nunez, Wendy"]
[Result "1/2-1/2"]
[WhiteTitle "FM"]
[BlackTitle "WFM"]
[WhiteElo "2382"]
[BlackElo "2080"]
[WhiteFideId "3503038"]
[BlackFideId "3510174"]
[EventDate "2014.04.08"]

1. e4 c5 2. Nf3 e6 3. Nc3 a6 4. g3 b5 5. Bg2 Bb7 6. d3 Be7 7. O-O d6 8. a4 b4 9.
Ne2 Nf6 10. b3 d5 11. Nd2 Nc6 12. Bb2 O-O 13. h3 Qc7 14. f4 dxe4 15. Nxe4 Nxe4
16. Bxe4 Rfd8 17. Kh2 Rac8 18. Rc1 a5 19. Ng1 Nd4 20. Bxb7 Qxb7 21. Bxd4 Rxd4
22. Nf3 Rd5 23. Nd2 Bf6 24. Qf3 Rcd8 25. Nc4 Qc7 26. Rce1 Bc3 27. Re2 g6 28. Kh1
R8d7 29. g4 Qd8 30. Qg3 Qc7 31. Re3 Bd4 32. Ref3 Re7 33. Re1 Bf6 34. Re2 Kg7 35.
Kg2 Qd8 36. Rfe3 Ra7 37. Re4 Ra6 38. Ne3 Rd4 39. Qf3 Qd7 40. g5 Bd8 41. Ng4 Qc8
42. Rxd4 cxd4 43. Qe4 Qc6 44. Ne5 Qd6 45. Nc4 Qd7 46. h4 Bc7 47. Qf3 Rc6 48. Re4
Rc5 49. h5 Rf5 50. h6+ Kf8 51. Ne5 Bxe5 52. Rxe5 Qc7 53. Rxf5 Qxc2+ 54. Kg3 exf5
55. Qa8+ Ke7 56. Qa7+ Ke8 57. Qb8+ Kd7 58. Qb5+ Kd6 59. Qb6+ Ke7 60. Qf6+ Ke8
61. Qe5+ Kf8 62. Qxd4 Ke7 63. Qf6+ Ke8 64. Qh8+ Ke7 65. Qe5+ Kf8 66. Qb8+ Ke7
67. Qa7+ Ke8 68. Qb8+ Ke7 69. Qe5+ Kf8 70. Qd5 Ke7 1/2-1/2

[Event "49th Capablanca Mem Open I 2014"]
[Site "Havana CUB"]
[Date "2014.05.14"]
[Round "6.52"]
[White "Ginesta Caballero, Olga Lucia"]
[Black "Nunez Rocio, Fernando"]
[Result "0-1"]
[WhiteTitle "WFM"]
[WhiteElo "2124"]
[BlackElo "2185"]
[WhiteFideId "3508234"]
[BlackFideId "3511758"]
[EventDate "2014.04.08"]

1. e4 e6 2. d3 c5 3. f4 Nc6 4. Nc3 g6 5. Nf3 Bg7 6. g3 Nge7 7. Bg2 O-O 8. O-O d5
9. Qe2 b6 10. Nd1 Ba6 11. e5 Rc8 12. c3 b5 13. b3 c4 14. bxc4 bxc4 15. d4 Qa5
16. g4 Rb8 17. Bh3 Bc8 18. Nh4 f5 19. exf6 Rxf6 20. g5 Rf7 21. Be3 Nf5 22. Bxf5
exf5 23. Nf3 Rfb7 24. Nd2 Be6 25. h4 Bf7 26. Qg2 Ne7 27. Qh3 Be8 28. Bf2 Nc8 29.
h5 Nd6 30. hxg6 hxg6 31. Re1 Bf7 32. Kg2 Qa4 33. Rh1 Qc2 34. Nf3 Qe4 35. Qh7+
Kf8 36. Ne3 Rb2 37. Rae1 Qxf4 38. Rh4 Rxf2+ 39. Kxf2 Ne4+ 0-1

[Event "49th Capablanca Mem Open I 2014"]
[Site "Havana CUB"]
[Date "2014.05.14"]
[Round "6.53"]
[White "Gonzalez Ochoa, Yoana"]
[Black "Zayas Gonzalez, Laura Amalia"]
[Result "1-0"]
[WhiteTitle "WFM"]
[BlackTitle "WFM"]
[WhiteElo "2127"]
[BlackElo "2065"]
[WhiteFideId "3507629"]
[BlackFideId "3517004"]
[EventDate "2014.04.08"]

1. e4 e6 2. d4 d5 3. Nd2 Nf6 4. e5 Nfd7 5. Bd3 c5 6. c3 Nc6 7. Ne2 cxd4 8. cxd4
f6 9. Nf4 Nxd4 10. Qh5+ Ke7 11. exf6+ Nxf6 12. Ng6+ hxg6 13. Qxh8 Kf7 14. O-O e5
15. Nb3 Nxb3 16. axb3 Bf5 17. Bxf5 gxf5 18. Qh3 g6 19. Bg5 Bg7 20. Qe3 Qe7 21.
Ra5 f4 22. Qd3 d4 23. Qc4+ Kf8 24. Re1 e4 25. Qxd4 Rd8 26. Qc4 Rd2 27. Rc5 e3
28. Rc8+ 1-0

[Event "49th Capablanca Mem Open I 2014"]
[Site "Havana CUB"]
[Date "2014.05.14"]
[Round "6.54"]
[White "Rodriguez Dominguez, Melissa"]
[Black "Sanchez Ones, Yeny"]
[Result "0-1"]
[BlackTitle "WIM"]
[WhiteElo "1996"]
[BlackElo "2065"]
[WhiteFideId "3517560"]
[BlackFideId "3514099"]
[EventDate "2014.04.08"]

1. g3 g6 2. Bg2 Bg7 3. d3 Nf6 4. e4 d6 5. c4 c5 6. Nc3 O-O 7. Nge2 Bd7 8. O-O
Nc6 9. f4 Rb8 10. h3 a6 11. f5 b5 12. cxb5 axb5 13. Nf4 Nd4 14. g4 b4 15. Nce2
Nxe2+ 16. Qxe2 Bb5 17. h4 Nd7 18. g5 Ne5 19. Rd1 c4 20. d4 Nd3 21. Nxd3 cxd3 22.
Qf2 Rc8 23. Be3 Rc2 24. Rd2 Qc7 25. Bf1 Rc8 26. Rad1 Qa5 27. Bh3 Rxd2 28. Bxd2
Rc1 29. Kh2 Qxa2 30. f6 Bf8 31. d5 Qc4 32. Qd4 0-1